000 00580nam a22002177a 4500
003 UA-OsUOA
001 44032
007 ta
008 20070201b un ||||| |||| 00| 0 ukr d
100 _aНаконечна Н.
090 _a32
_bН-11
942 _cSA
040 _aUA-OsUOA
_bukr
_cUA-OsUOA
_dUA-OsUOA
245 _aНацірналізм як культурний феномен ХХ століття
300 _aС.111-120
955 _a0
041 _aukr
080 _a32
773 0 _w44031
_tСучасність
_dК.
_d2006
_g9
650 7 _a32 Політика
_2UDC
999 _c330155
_d330155